000 00902cab a2200277 4500
001 ABS53528
008 090401t1995 xxu||||| |||| 00| 0 eng d
035 _a(Sirsi) u4933
041 _aeng
100 _aPowell-Smith, V.
245 _aAppealing judgment
260 _c1995
350 _a0
490 _aContract Journal
_v380(6041) 7 September 1995, 16(1)
520 _aDiscusses "Dew v North West Water", CA 1995, in which it was held that the main contractor (Dew) should be reimbursed for extra costs incurred as a result of employer variation.
650 _aADDITIONAL COSTS
650 _aCIVIL ENGINEERING CONTRACTS
650 _aDEW V NORTH WEST WATER
650 _aEMPLOYERS VARIATION
650 _aICE CONDITIONS OF CONTRACT
650 _aLOSS OF PROFIT
650 _aVARIATIONS
690 _aBUILT ENVIRONMENT-BUILDING CONTRACT FORMS
942 _n0
948 _c04/03/1997
999 _c2980
_d2980